000 00747nam a2200217 i 4500
001 33742
003 ES-MaACL
005 20250812050901.0
007 t|
008 030203s1969 sp ||||1| spa d
100 1 _aBianchi Bandinelli, Ranuccio.
_928747
245 1 0 _aRoma, centro del poder /
_cRanuccio Bianchi Bandinelli ; traducción de Concepción Hernando Martín.
260 _aMadrid :
_bAguilar,
_c[1969]
300 _aXII, 437 p., 34 lám. :
_b1 map. pleg., 5 plan. ;
_c28 cm.
490 1 _aEl universo de las formas
650 0 7 _aArte romano
_2embne
_910314
700 1 _aHernando Martín, Concepción.
_963111
830 0 _aEl universo de las formas
_9181490
852 _aES-MaACL
_jE-6952
_bR.51282
999 _c33742
_d33742